[Event "SRB Team Chmp 2007"]
[Site "Zlatibor"]
[Date "2007.08.28"]
[Round "7.1"]
[White "Efimenko, Zahar"]
[Black "Maksimenko, Andrei"]
[Result "1/2-1/2"]
[WhiteElo "2624"]
[BlackElo "2505"]
[PlyCount "62"]
[EventDate "2007.08.21"]

1. e4 e5 2. Nf3 Nf6 3. d4 Nxe4 4. Bd3 d5 5. Nxe5 Nd7 6. Nxd7 Bxd7 7. O-O Bd6 8.
c4 c6 9. cxd5 cxd5 10. Nc3 Nxc3 11. bxc3 O-O 12. Qh5 g6 13. Qxd5 Qc7 14. Qf3
Qxc3 15. Bh6 Rfe8 16. Qf6 Bf8 17. Bxf8 Rxf8 18. Be4 Bc6 19. Rac1 Qb4 20. Bxc6
bxc6 21. Rxc6 Rad8 22. Ra6 Qxd4 23. Qxd4 Rxd4 24. Rxa7 Rc8 25. g3 Rc2 26. h4
Rdd2 27. a4 Ra2 28. a5 Rd5 29. a6 Rd6 30. Ra8+ Kg7 31. a7 Rda6 1/2-1/2

[Event "SRB Team Chmp 2007"]
[Site "Zlatibor"]
[Date "2007.08.28"]
[Round "7.1"]
[White "Aleksic, Nenad"]
[Black "Drasko, Milan"]
[Result "1/2-1/2"]
[WhiteElo "2374"]
[BlackElo "2552"]
[PlyCount "24"]
[EventDate "2007.08.21"]

1. e4 e6 2. Nf3 d5 3. Nc3 Nf6 4. e5 Nfd7 5. d4 c5 6. dxc5 Nc6 7. Bf4 Bxc5 8.
Bd3 f6 9. exf6 Qxf6 10. Bg3 O-O 11. O-O Nd4 12. Nxd4 Bxd4 1/2-1/2

[Event "SRB Team Chmp 2007"]
[Site "Zlatibor"]
[Date "2007.08.28"]
[Round "7.1"]
[White "Abramovic, Bosko"]
[Black "Antic, Dejan"]
[Result "1/2-1/2"]
[WhiteElo "2516"]
[BlackElo "2468"]
[PlyCount "28"]
[EventDate "2007.08.21"]

1. d4 Nf6 2. Nf3 g6 3. g3 Bg7 4. Bg2 O-O 5. O-O d6 6. c4 c5 7. Nc3 Nc6 8. dxc5
dxc5 9. Be3 Qa5 10. Qa4 Qxa4 11. Nxa4 b6 12. Nc3 Bd7 13. Rad1 Rfd8 14. h3 Be8
1/2-1/2

[Event "SRB Team Chmp 2007"]
[Site "Zlatibor"]
[Date "2007.08.28"]
[Round "7.1"]
[White "Drazic, Sinisa"]
[Black "Novoselski, Zoran"]
[Result "1/2-1/2"]
[WhiteElo "2480"]
[BlackElo "2375"]
[PlyCount "31"]
[EventDate "2007.08.21"]

1. f4 b6 2. b3 Bb7 3. Bb2 e6 4. Nf3 f5 5. e3 Nf6 6. c4 Be7 7. Be2 O-O 8. O-O a5
9. Nc3 Na6 10. d4 Ne4 11. Nxe4 Bxe4 12. a3 Bf6 13. Nd2 d5 14. Nxe4 dxe4 15. Qc2
Qe7 16. Rad1 1/2-1/2

[Event "SRB Team Chmp 2007"]
[Site "Zlatibor"]
[Date "2007.08.28"]
[Round "7.2"]
[White "Kosic, Dragan"]
[Black "Naiditsch, Arkadij"]
[Result "1-0"]
[WhiteElo "2501"]
[BlackElo "2652"]
[PlyCount "175"]
[EventDate "2007.08.21"]

1. d4 Nf6 2. Nf3 c5 3. c3 e6 4. Bf4 Qb6 5. Qc1 cxd4 6. cxd4 Nc6 7. e3 Nh5 8.
Bg3 Nxg3 9. hxg3 d5 10. Nc3 Bd7 11. Be2 Rc8 12. Qc2 Bd6 13. Rc1 g6 14. O-O O-O
15. Qb1 Na5 16. e4 Bc6 17. Bd3 Rfd8 18. exd5 Bxd5 19. Nxd5 exd5 20. Rxc8 Rxc8
21. Rd1 Kg7 22. Rd2 Nc6 23. Bc2 Na5 24. Bd3 Rc7 25. Rd1 Be7 26. Rd2 Bf6 27. Qd1
h5 28. b3 Qb4 29. Bf1 Rc3 30. Ne1 Qa3 31. Rc2 Rxc2 32. Qxc2 Bxd4 33. Qd2 Nc6
34. Nd3 a5 35. Be2 Qd6 36. Nf4 Qe5 37. Nd3 Qd6 38. Nf4 Qe5 39. Kf1 b6 40. Bf3
Ne7 41. Nd3 Qf5 42. Nf4 Qb1+ 43. Qd1 Qxd1+ 44. Bxd1 Be5 45. Nd3 Bd6 46. g4 h4
47. g5 Kf8 48. Ke2 Nf5 49. Kf3 Ke7 50. Kg4 Ke6 51. Bf3 b5 52. a4 b4 53. Bd1 Be5
54. Kh3 Bc3 55. Kg4 Bd2 56. Bf3 Kd6 57. Bd1 Kd7 58. Nc5+ Kc6 59. Nd3 Kd6 60.
Bf3 Nd4 61. Bd1 Ne6 62. f4 Bc3 63. Kf3 Bd4 64. Kg4 f5+ 65. Kxh4 Nc5 66. Bc2
Nxd3 67. Bxd3 Kc5 68. Bb5 Bf2+ 69. g3 Kd4 70. Be8 Ke4 71. Bxg6 d4 72. Bh5 d3
73. g6 Bd4 74. Kg5 Bg7 75. Bd1 Bd4 76. Kh6 Ke3 77. g7 Bxg7+ 78. Kxg7 Kd2 79.
Bh5 Kc3 80. g4 fxg4 81. Bxg4 Kxb3 82. f5 Kxa4 83. f6 b3 84. f7 b2 85. Bd1+ Ka3
86. f8=Q+ Ka2 87. Qf7+ Ka1 88. Qf6 1-0

[Event "SRB Team Chmp 2007"]
[Site "Zlatibor"]
[Date "2007.08.28"]
[Round "7.2"]
[White "Mihalj, Miroslav M"]
[Black "Jeremic, Veljko"]
[Result "1/2-1/2"]
[WhiteElo "2323"]
[BlackElo "2523"]
[PlyCount "43"]
[EventDate "2007.08.21"]

1. e4 e6 2. d4 d5 3. Nd2 dxe4 4. Nxe4 Nd7 5. Nf3 Ngf6 6. Nxf6+ Nxf6 7. Bg5 h6
8. Bh4 c5 9. dxc5 Qa5+ 10. c3 Qxc5 11. Bd3 Bd7 12. Qe2 Bd6 13. Bg3 Bxg3 14.
hxg3 Bc6 15. O-O O-O 16. Ne5 Bd5 17. Rad1 b6 18. Bb1 Rad8 19. Rd4 Bb7 20. Rfd1
Rxd4 21. Rxd4 Qc7 22. Bc2 1/2-1/2

[Event "SRB Team Chmp 2007"]
[Site "Zlatibor"]
[Date "2007.08.28"]
[Round "7.2"]
[White "Savic, Miodrag R"]
[Black "Bulajic, Ratko"]
[Result "1-0"]
[WhiteElo "2514"]
[BlackElo "2321"]
[PlyCount "61"]
[EventDate "2007.08.21"]

1. e4 c5 2. c3 d5 3. exd5 Qxd5 4. Nf3 Nc6 5. Be2 e5 6. O-O e4 7. Ne1 Nf6 8. d3
Bf5 9. dxe4 Qxd1 10. Bxd1 Nxe4 11. Ba4 O-O-O 12. Nf3 Bd6 13. Na3 Ne5 14. Bc2
Bg6 15. Nxe5 Bxe5 16. f4 Bf6 17. f5 Nxc3 18. bxc3 Bxc3 19. Rb1 Bh5 20. Nb5 Bd4+
21. Nxd4 Rxd4 22. Be3 Rc4 23. Bd3 Rc3 24. Rb3 Rxb3 25. axb3 b6 26. h3 f6 27.
Ba6+ Kc7 28. g4 Bf7 29. Rd1 b5 30. Bxb5 Bxb3 31. Rc1 1-0

[Event "SRB Team Chmp 2007"]
[Site "Zlatibor"]
[Date "2007.08.28"]
[Round "7.3"]
[White "Markovic, Miroslav"]
[Black "Ivanisevic, Ivan"]
[Result "1/2-1/2"]
[WhiteElo "2442"]
[BlackElo "2595"]
[PlyCount "138"]
[EventDate "2007.08.21"]

1. e4 e5 2. Nf3 d6 3. d4 exd4 4. Nxd4 Nf6 5. Nc3 Be7 6. Bc4 O-O 7. O-O c6 8. a4
Re8 9. Ba2 Na6 10. h3 Bf8 11. a5 h6 12. Re1 Nb4 13. Bb3 c5 14. Nf3 Be6 15. Bxe6
Rxe6 16. Bf4 Qe8 17. e5 dxe5 18. Rxe5 Rd8 19. Qe2 Rxe5 20. Bxe5 Nfd5 21. Nxd5
Rxd5 22. Re1 Qa4 23. c4 Rd8 24. Qe4 Nd3 25. Rf1 Qe8 26. Qe3 f6 27. Bc3 Qxe3 28.
fxe3 Re8 29. Nh4 Re4 30. g4 Rxe3 31. Nf5 Re2 32. Rd1 Nxb2 33. Rd7 Nxc4 34. Rxb7
Rc2 35. Be1 a6 36. Ra7 Re2 37. Bf2 Nxa5 38. Rxa6 Nb3 39. Ra8 Kf7 40. Ra7+ Kg8
41. Ra8 g6 42. Ne3 Rd2 43. h4 Rd7 44. g5 hxg5 45. hxg5 fxg5 46. Ng4 Kg7 47. Rc8
Bd6 48. Be3 Rc7 49. Rb8 Nd4 50. Bxd4+ cxd4 51. Rd8 Be7 52. Rd5 Rc2 53. Kf1 Bc5
54. Nf2 Bb6 55. Rxg5 Rc6 56. Rd5 Kf6 57. Nd3 g5 58. Nf2 Re6 59. Kg2 Rc6 60.
Ne4+ Ke6 61. Rxg5 Rc2+ 62. Kf3 Ba7 63. Rg6+ Kd5 64. Rd6+ Ke5 65. Ra6 Rc7 66.
Ra5+ Ke6 67. Ke2 Kd7 68. Kd3 Kc6 69. Rh5 Re7 1/2-1/2

[Event "SRB Team Chmp 2007"]
[Site "Zlatibor"]
[Date "2007.08.28"]
[Round "7.3"]
[White "Nestorovic, Nikola"]
[Black "Lajthajm, Borko"]
[Result "1/2-1/2"]
[WhiteElo "2424"]
[BlackElo "2511"]
[PlyCount "30"]
[EventDate "2007.08.21"]

1. e4 e6 2. d4 d5 3. Nc3 Nf6 4. Bg5 dxe4 5. Nxe4 Be7 6. Bxf6 Bxf6 7. Nf3 Be7 8.
Qd2 O-O 9. O-O-O Qd5 10. Nc3 Qa5 11. Bd3 Nd7 12. Qf4 Nf6 13. Kb1 c5 14. dxc5
Qxc5 15. Rhf1 Qb4 1/2-1/2

[Event "SRB Team Chmp 2007"]
[Site "Zlatibor"]
[Date "2007.08.28"]
[Round "7.5"]
[White "Kovacevic, Aleksandar"]
[Black "Ivanovic, Bozidar"]
[Result "1/2-1/2"]
[WhiteElo "2566"]
[BlackElo "2426"]
[PlyCount "92"]
[EventDate "2007.08.21"]

1. e4 e5 2. Nf3 Nc6 3. Bb5 a6 4. Bxc6 dxc6 5. O-O Be7 6. Nxe5 Qd4 7. Nf3 Qxe4
8. d3 Qg4 9. Nc3 Be6 10. Ng5 Qxd1 11. Rxd1 Bf5 12. Re1 h6 13. Nf3 O-O-O 14. Bf4
Bd6 15. Be5 Rh7 16. Ne4 Bg4 17. Bxd6 cxd6 18. Nd4 Kc7 19. Re3 c5 20. Nf3 Be6
21. d4 b6 22. Rd1 Ne7 23. Ra3 Bd5 24. Ng3 Nc6 25. dxc5 dxc5 26. Re3 Rhh8 27.
Rde1 Rd7 28. a3 Rhd8 29. Ne5 Nxe5 30. Rxe5 g6 31. Nf1 Kc6 32. f3 Be6 33. Kf2 a5
34. g4 b5 35. h4 Rd5 36. R5e2 b4 37. axb4 cxb4 38. b3 Kb6 39. Re5 Rxe5 40. Rxe5
Rc8 41. Ne3 Rc5 42. Re4 h5 43. Ke2 Kc6 44. Rd4 Kc7 45. Kd3 Rc3+ 46. Kd2 Rc5
1/2-1/2

[Event "SRB Team Chmp 2007"]
[Site "Zlatibor"]
[Date "2007.08.28"]
[Round "7.5"]
[White "Matulovic, Milan"]
[Black "Solak, Dragan"]
[Result "1/2-1/2"]
[WhiteElo "2389"]
[BlackElo "2566"]
[PlyCount "46"]
[EventDate "2007.08.21"]

1. e4 d5 2. exd5 Qxd5 3. Nc3 Qa5 4. d4 c6 5. Nf3 Nf6 6. h3 Bf5 7. Bd3 Nbd7 8.
O-O e6 9. a3 Bd6 10. Bg5 Bg6 11. Bxg6 hxg6 12. Re1 Qf5 13. Qe2 Rh5 14. Bxf6
Qxf6 15. Ne4 Qe7 16. Nxd6+ Qxd6 17. Rad1 O-O-O 18. Ne5 Rf5 19. Rd3 Qc7 20. Qe3
Nxe5 21. dxe5 Rxd3 22. cxd3 Qb6 23. Qxb6 axb6 1/2-1/2

[Event "SRB Team Chmp 2007"]
[Site "Zlatibor"]
[Date "2007.08.28"]
[Round "7.5"]
[White "Arsovic, Goran"]
[Black "Lazic, Miroljub"]
[Result "1/2-1/2"]
[WhiteElo "2470"]
[BlackElo "2465"]
[PlyCount "65"]
[EventDate "2007.08.21"]

1. d4 d5 2. Nf3 Nf6 3. c4 c6 4. e3 e6 5. Bd3 Nbd7 6. O-O Bd6 7. Nc3 O-O 8. e4
dxc4 9. Bxc4 e5 10. Be3 Qe7 11. Bb3 exd4 12. Bxd4 Ne5 13. Bxe5 Bxe5 14. Nxe5
Qxe5 15. f4 Qe7 16. Qf3 Be6 17. e5 Bxb3 18. exf6 Qc5+ 19. Rf2 Bd5 20. Nxd5 cxd5
21. Rd1 Rfe8 22. g3 Rad8 23. fxg7 Re3 24. Qh5 Qe7 25. Qf5 Re1+ 26. Rxe1 Qxe1+
27. Kg2 d4 28. Qd3 Qe6 29. f5 Qf6 30. Rf4 Kxg7 31. Rg4+ Kh8 32. Re4 Kg7 33.
Rg4+ 1/2-1/2

[Event "SRB Team Chmp 2007"]
[Site "Zlatibor"]
[Date "2007.08.28"]
[Round "7.5"]
[White "Stupavski, Zdenko"]
[Black "Rmus, Anto"]
[Result "0-1"]
[WhiteElo "2378"]
[BlackElo "2376"]
[PlyCount "94"]
[EventDate "2007.08.21"]

1. e4 c5 2. Nf3 d6 3. d4 cxd4 4. Nxd4 Nf6 5. Nc3 g6 6. g3 Nc6 7. Nde2 Bg7 8.
Bg2 O-O 9. O-O Rb8 10. a4 a6 11. h3 b5 12. axb5 axb5 13. Be3 b4 14. Nd5 Nd7 15.
Qc1 Re8 16. Rd1 e6 17. Ndf4 Qc7 18. Nd3 Nde5 19. Ra2 Bb7 20. b3 Ra8 21. Rxa8
Rxa8 22. Qd2 Nxd3 23. Qxd3 d5 24. exd5 Ne5 25. d6 Qd7 26. Qd2 Bxg2 27. Kxg2
Qb7+ 28. Kf1 Qh1+ 29. Ng1 Nf3 30. Qxb4 Nxg1 31. d7 Bf6 32. Bb6 Nxh3+ 33. Ke2
Ng1+ 34. Kf1 Nh3+ 35. Ke2 Qb7 36. Bc5 Qc6 37. Qc4 Ng5 38. Bb4 Qf3+ 39. Ke1 Rd8
40. Qf4 Qxf4 41. gxf4 Nf3+ 42. Kf1 Nd4 43. c3 Nc6 44. Bc5 Nb8 45. c4 Rxd7 46.
Rxd7 Nxd7 47. Bd6 Bg7 0-1

[Event "SRB Team Chmp 2007"]
[Site "Zlatibor"]
[Date "2007.08.28"]
[Round "7.6"]
[White "Postny, Evgeny"]
[Black "Solodovnichenko, Yuri"]
[Result "1-0"]
[WhiteElo "2598"]
[BlackElo "2582"]
[PlyCount "135"]
[EventDate "2007.08.21"]

1. c4 Nf6 2. Nf3 c6 3. d4 d5 4. Nc3 e6 5. Bg5 dxc4 6. a4 Bb4 7. e4 c5 8. Bxc4
cxd4 9. Nxd4 h6 10. Be3 Nxe4 11. Ndb5 Nd7 12. O-O Bxc3 13. bxc3 O-O 14. Qd4
Ndf6 15. Qxd8 Rxd8 16. Nc7 Bd7 17. Nxa8 Rxa8 18. Rfc1 a6 19. Be2 Nd5 20. Bd4
Rc8 21. c4 Nf4 22. Bf1 Bc6 23. f3 Ng5 24. h4 Nh7 25. Rd1 Nf8 26. a5 Nd7 27. Rd2
Kf8 28. Rad1 Ng6 29. h5 Ne7 30. Bb2 Rc7 31. Bd3 f5 32. Bc2 Kf7 33. Re1 Nf6 34.
Bxf6 Kxf6 35. Rd8 Kf7 36. Bb3 Rd7 37. Rxd7 Bxd7 38. c5 Kf6 39. Rd1 Bc6 40. Rd6
Nd5 41. Bc4 Nc7 42. Rd8 Ne8 43. Kf2 Ke7 44. Rd1 Bd7 45. Rb1 Bc6 46. Re1 Nc7 47.
Ke3 e5 48. Rd1 f4+ 49. Kf2 Ne6 50. Bxe6 Kxe6 51. Rd6+ Ke7 52. g3 fxg3+ 53. Kxg3
Be8 54. Kf2 Bc6 55. Ke3 Kf7 56. f4 exf4+ 57. Kxf4 Ke7 58. Rg6 Kf8 59. Ke5 Be8
60. Rg3 g6 61. c6 bxc6 62. Rb3 gxh5 63. Rb6 h4 64. Rxa6 h3 65. Rb6 Bh5 66. Rb2
Ke7 67. a6 Bf3 68. Rb7+ 1-0

[Event "SRB Team Chmp 2007"]
[Site "Zlatibor"]
[Date "2007.08.28"]
[Round "7.6"]
[White "Djukic, Zeljko"]
[Black "Brenjo, Slavisa"]
[Result "1/2-1/2"]
[WhiteElo "2402"]
[BlackElo "2485"]
[PlyCount "70"]
[EventDate "2007.08.21"]

1. d4 Nf6 2. c4 g6 3. Nc3 Bg7 4. e4 d6 5. Nf3 O-O 6. h3 e5 7. d5 Na6 8. Bg5 h6
9. Be3 Nc5 10. Nd2 a5 11. g4 Bd7 12. Be2 c6 13. Rb1 a4 14. Kf1 Nh7 15. f3 f5
16. Kg2 h5 17. b4 axb3 18. axb3 cxd5 19. cxd5 fxe4 20. Ndxe4 Nxe4 21. Nxe4 Nf6
22. Qd2 Nxe4 23. fxe4 Rf4 24. Bxf4 exf4 25. Rhf1 Be5 26. Rxf4 Qh4 27. Rh1 Bxf4
28. Qxf4 Ra2 29. Qf2 Qxf2+ 30. Kxf2 hxg4 31. h4 Bb5 32. Re1 Rb2 33. b4 Kg7 34.
Ke3 Bxe2 35. Rxe2 Rxb4 1/2-1/2

[Event "SRB Team Chmp 2007"]
[Site "Zlatibor"]
[Date "2007.08.28"]
[Round "7.6"]
[White "Martinovic, Slobodan"]
[Black "Dujkovic, Sinisa"]
[Result "1/2-1/2"]
[WhiteElo "2447"]
[BlackElo "2407"]
[PlyCount "57"]
[EventDate "2007.08.21"]

1. d4 Nf6 2. Nf3 g6 3. c4 Bg7 4. Nc3 O-O 5. g3 d6 6. Bg2 Nc6 7. O-O a6 8. Qd3
Bf5 9. e4 Bg4 10. d5 Bxf3 11. Qxf3 Nd4 12. Qd1 c5 13. dxc6 Nxc6 14. Be3 Nd7 15.
Rc1 Qa5 16. f4 Nb6 17. Nd5 Na4 18. b3 Nc3 19. Nxc3 Bxc3 20. Rf2 Bb4 21. Re2 Bc5
22. Kh1 Bxe3 23. Rxe3 Qxa2 24. Rc2 Qa5 25. Rd2 Qb6 26. Red3 Nb4 27. Rd4 Nc6 28.
R4d3 Nb4 29. Rd4 1/2-1/2

[Event "SRB Team Chmp 2007"]
[Site "Zlatibor"]
[Date "2007.08.28"]
[Round "7.6"]
[White "Krnic, Zdenko"]
[Black "Kostic, Vladimir G"]
[Result "1/2-1/2"]
[WhiteElo "2385"]
[BlackElo "2395"]
[PlyCount "36"]
[EventDate "2007.08.21"]

1. Nf3 e6 2. c4 f5 3. Nc3 Nf6 4. Qc2 Be7 5. d4 c6 6. e4 d5 7. exd5 exd5 8. cxd5
Nxd5 9. Nxd5 Qxd5 10. Bd3 Na6 11. a3 b5 12. O-O O-O 13. Bf4 Bd6 14. Bxd6 Qxd6
15. Rfe1 g6 16. Re5 Be6 17. Rae1 Bd5 18. Ng5 Nc7 1/2-1/2